<?xml version="1.0" encoding="UTF-8"?>
<record
    xmlns:xsi="http://www.w3.org/2001/XMLSchema-instance"
    xsi:schemaLocation="http://www.loc.gov/MARC21/slim http://www.loc.gov/standards/marcxml/schema/MARC21slim.xsd"
    xmlns="http://www.loc.gov/MARC21/slim">

  <leader>00461nam a22001577a 4500</leader>
  <datafield tag="999" ind1=" " ind2=" ">
    <subfield code="c">342918</subfield>
    <subfield code="d">342918</subfield>
  </datafield>
  <controlfield tag="003">OSt</controlfield>
  <datafield tag="082" ind1=" " ind2=" ">
    <subfield code="a">631.587</subfield>
    <subfield code="b">HAS/S</subfield>
  </datafield>
  <datafield tag="088" ind1=" " ind2=" ">
    <subfield code="a">P 441</subfield>
  </datafield>
  <datafield tag="100" ind1=" " ind2=" ">
    <subfield code="a">Hasna Ameena P O</subfield>
    <subfield code="9">4215</subfield>
  </datafield>
  <datafield tag="100" ind1=" " ind2=" ">
    <subfield code="a">Jesny M J</subfield>
    <subfield code="9">4216</subfield>
  </datafield>
  <datafield tag="100" ind1=" " ind2=" ">
    <subfield code="a">Rohit Yadav</subfield>
    <subfield code="9">4217</subfield>
  </datafield>
  <datafield tag="245" ind1=" " ind2=" ">
    <subfield code="a">Studies on the effect of saline water intrusion in Tavanur- Ponnani area</subfield>
  </datafield>
  <datafield tag="260" ind1=" " ind2=" ">
    <subfield code="a">Tavanur</subfield>
    <subfield code="b">Department of Irrigation and Drainage engineering</subfield>
    <subfield code="c">2019</subfield>
  </datafield>
  <datafield tag="700" ind1=" " ind2=" ">
    <subfield code="a">Sasikala D (Guide)</subfield>
    <subfield code="9">3225</subfield>
  </datafield>
  <datafield tag="942" ind1=" " ind2=" ">
    <subfield code="c">PR</subfield>
  </datafield>
  <datafield tag="952" ind1=" " ind2=" ">
    <subfield code="0">0</subfield>
    <subfield code="1">0</subfield>
    <subfield code="4">0</subfield>
    <subfield code="7">0</subfield>
    <subfield code="8">REF</subfield>
    <subfield code="a">KAUAET</subfield>
    <subfield code="b">KAUAET</subfield>
    <subfield code="c">REF</subfield>
    <subfield code="d">2019-07-15</subfield>
    <subfield code="l">0</subfield>
    <subfield code="o">631.587 HAS/S</subfield>
    <subfield code="p">KAU_KCAEFT-P 441</subfield>
    <subfield code="r">2019-07-15 00:00:00</subfield>
    <subfield code="w">2019-07-15</subfield>
    <subfield code="y">PR</subfield>
  </datafield>
</record>
